| 000 | 01501cam a22004094i 4500 | ||
|---|---|---|---|
| 003 | PE-LiUPU | ||
| 005 | 20250731175626.0 | ||
| 008 | 181220s2018 gw a rb 000 0 eng | ||
| 020 | _a3447109785 | ||
| 020 | _a9783447109789 | ||
| 035 | _a(Sirsi) a251123 | ||
| 049 | _aPRUA | ||
| 082 | 0 | 4 |
_a492.13 _bS83 _223 |
| 100 | 1 |
_aStreck, Michael P., _eautor. |
|
| 245 | 1 | 0 |
_aSupplement to the Akkadian dictionaries / _cMichael P. Streck ; with the collaboration of Nadezka Rudik. |
| 264 | 1 |
_aWiesbaden : _bHarrassowitz Verlag, _c2018. |
|
| 300 |
_axliv, 99 páginas : _bilustraciones ; _c24 centímetros |
||
| 336 |
_atext _2rdacontent |
||
| 337 |
_aunmediated _2rdamedia |
||
| 338 |
_avolume _2rdacarrier |
||
| 504 | _aBibliografía: páginas xix-xxxi. | ||
| 505 | 0 | _aIntroduction -- Bibliography -- Bibliographical abbreviations -- Other abbreviations -- Supplement b -- Supplement p. | |
| 526 | _aP145 | ||
| 526 | _aP127 | ||
| 526 | _aP97 | ||
| 526 | _aP35 | ||
| 526 | _aP14 | ||
| 526 | _aP07 | ||
| 650 | 0 |
_aLengua acadia _vDiccionarios _xInglés. |
|
| 650 | 4 | _aIdioma acadio. | |
| 910 |
_adbm _brri _crri _d20181220 |
||
| 942 |
_2ddc _cBOOK |
||
| 994 |
_aC0 _bPEPRU |
||
| 596 | _a1 | ||
| 999 |
_a492.13 S83 _wDEWEY _c30572 _i79377 _f2021-11-11 _g4 _lCCODEBUL1 _mBUL _p33.00 _r0 _sY _tBOOK _u2018-12-20 _xTEOLOGIA _PP85 _0COMPRA _1FCOMPR2 _o.STAFF. Colección Teología _d30572 |
||
| 980 |
_81 _gALBERTO SANCHEZ Responsable de Automatización |
||